David Copperfield
Saved in:
| Main Author: | |
|---|---|
| Other Authors: | |
| Format: | Book |
| Language: | English |
| Published: |
[London] :
Longmans,
[c1961]
|
| Series: | Longmans' abridged books
|
| Subjects: | |
| Tags: |
Add Tag
No Tags, Be the first to tag this record!
|
MARC
| LEADER | 00000cam a2200000 i 4500 | ||
|---|---|---|---|
| 001 | 1/94595 | ||
| 008 | 080926s1961 eng d | ||
| 035 | |l 10100469 | ||
| 040 | |a GR-MY-UA |b gre |e aacr | ||
| 041 | 0 | |a eng | |
| 082 | 0 | |a 823.8 |2 (22) | |
| 100 | 1 | |a Dickens, Charles, |d 1812-1870. | |
| 245 | 1 | 0 | |a David Copperfield / |c Charles Dickens ; abridgement and introduction by Alan Ronaldson |
| 260 | |a [London] : |b Longmans, |c [c1961] | ||
| 300 | |a 281 σ.; |c 19 εκ. | ||
| 490 | 1 | |a Longmans' abridged books | |
| 650 | 0 | 0 | |a English literature |y 19th century. |
| 650 | 0 | 0 | |a English fiction |y 19th century. |
| 650 | 0 | 0 | |a Orphans |x Fiction. |
| 700 | 1 | |a Ronaldson, Alan. |4 aui | |
| 830 | 0 | |a Longmans' abridged books | |
| 852 | |a INST |b RHODES |c AKA |e 20080926 |h 823.8 DIC |p 005400030615 |q 005400030615 |t BK |y 0 | ||
| 901 | |a BIBL4-2008-3 | ||
| 909 | |a Ρ |b 153113 | ||
| 970 | |a ΧΑΡΙΟΠΟΛΙΤΟΥ |b ΚΩΝΣΤΑΝΤΙΝΑ |z 2008/09/26 | ||